Control Systems Technology (Record no. 18647)

MARC details
000 -LEADER
fixed length control field 00436nam a22001817a 4500
005 - DATE AND TIME OF LATEST TRANSACTION
control field 20230613112433.0
008 - FIXED-LENGTH DATA ELEMENTS--GENERAL INFORMATION
fixed length control field 230607b |||||||| |||| 00| 0 eng d
020 ## - INTERNATIONAL STANDARD BOOK NUMBER
ISBN 9788131788240
082 ## - DEWEY DECIMAL CLASSIFICATION NUMBER
Classification number 629.8
Item number JOH-C
100 ## - MAIN ENTRY--AUTHOR
Author Name Johnson,Curtis.D
245 ## - TITLE STATEMENT
Title Control Systems Technology
260 ## - PUBLICATION, DISTRIBUTION, ETC.
Place of Publication India
Name of publisher, distributor, etc. Pearson
Date of publication, distribution, etc. 2016
300 ## - PHYSICAL DESCRIPTION
Pages 461
500 ## - GENERAL NOTE
General note INDEX GIVEN
650 ## - SUBJECT ADDED ENTRY--TOPICAL TERM
Subject / Department Engineering
700 ## - ADDED ENTRY--PERSONAL NAME
Personal name Curtis,Johnson
952 ## - LOCATION AND ITEM INFORMATION (KOHA)
-- 0
-- 0
Holdings
Lost status Damaged status Permanent Location Current Location Shelving Location Date acquired Full Call Number Accession No./Barcode Date last seen item type
    Superior Information Resource Center (SIRC) Superior University- Central Library Superior Information Resource Center (SIRC) Superior University- Central Library Engineering 06/07/2023 629.8 JOH-C 2016 15386 06/07/2023 BOOK

Powered by Koha